000
00327nam a22001457a 4500
003
OSt
005
20211223094457.0
008
211223b |||||||| |||| 00| 0 eng d
020
_a
0789728443
040
_c
HU
082
_2
4th
_a
004.5BRO2003
100
_a
Brooks
_9
24515
245
_a
A+ Exams 220-221
942
_2
ddc
_c
BOOKS
_n
0
999
_c
23623
_d
23623